The Java virtual machine specification

Bibliographic Details
Main Authors: Lindholm, Tim , 1961- (Author), Yellin, Frank (Author)
Format: Book
Published: Reading, Mass. : Addison-Wesley , c1997
Series:The Java series
Subjects:

MARC

LEADER 00000cam a2200000 7i4500
001 0000006932
005 20180219093000.0
020 |a 020163452X 
090 0 0 |a QA76.73.J38   |b L56 1997 
100 0 |a Lindholm, Tim ,   |d 1961- ,   |e author 
245 0 4 |a The Java virtual machine specification   |c Tim Lindholm, Frank Yellin 
260 2 |a Reading, Mass. :   |b Addison-Wesley ,   |c c1997 
300 |a xvi, 475 p. :   |b ill. ;   |c 24 cm. 
440 0 4 |a The Java series 
504 |a Includes bibliographical references (p. xvi) and index 
650 0 |a Internet (Computer network) 
650 0 |a Java (Computer program language) 
650 0 |a Virtual computer systems 
700 0 |a Yellin, Frank ,   |e author 
999 |a 1000073402   |b Book   |c Close Access   |e Tembila Campus